| 000 | 00629nam a2200205 a 4500 | ||
|---|---|---|---|
| 001 | 000039144 | ||
| 005 | 20201002031521.0 | ||
| 008 | 130527s2012 dr 001 p spa d | ||
| 020 | _a9789945885309 | ||
| 040 |
_aDO-SdBNP _bspa _cBNPHU |
||
| 082 |
_aCu861.5 _bF676p |
||
| 100 | 1 |
_aFonseca Granda, Alejandro, _d1973- _965352 |
|
| 245 | 1 | 0 |
_aPor la mordida del verso / _cAlejandro Fonseca Granda. |
| 260 |
_aSanto Domingo : _bBúho, _c2012. |
||
| 300 |
_a78 p. ; _c22 cm. |
||
| 590 | _aInventariado, 2019 / DG | ||
| 650 | 4 |
_aPoesía cubana _95226 |
|
| 650 | 4 |
_aLiteratura cubana _91483 |
|
| 910 | _aValidado. Control de calidad EMS | ||
| 999 |
_c38634 _d38634 |
||